LEADER 05315nam 22007095 450 001 996418179803316 005 20200701090442.0 010 $a3-030-39515-4 024 7 $a10.1007/978-3-030-39515-5 035 $a(CKB)4100000010349141 035 $a(DE-He213)978-3-030-39515-5 035 $a(MiAaPQ)EBC6109553 035 $a(PPN)242980465 035 $a(EXLCZ)994100000010349141 100 $a20200207d2020 u| 0 101 0 $aeng 135 $aurnn|008mamaa 181 $ctxt$2rdacontent 182 $cc$2rdamedia 183 $acr$2rdacarrier 200 10$a12th Chaotic Modeling and Simulation International Conference$b[electronic resource] /$fedited by Christos H. Skiadas, Yiannis Dimotikalis 205 $a1st ed. 2020. 210 1$aCham :$cSpringer International Publishing :$cImprint: Springer,$d2020. 215 $a1 online resource (XI, 306 p. 118 illus., 61 illus. in color.) 225 1 $aSpringer Proceedings in Complexity,$x2213-8684 311 $a3-030-39514-6 320 $aIncludes bibliographical references. 327 $aActive Nanoobjects, Neutrino and Higgs Boson in a Fractal Models of the Universe.-Coupled Fractal Structures with Elements of Cylindrical Type -- Brain dynamics explained by means of spectral-structural neuronal networks -- E?ect of long-range spreading on two-species reaction-di?usion system -- Special Sensitive System via Furstenberg family and its applications -- Mosaic patterns in reaction-diffusion systems -- Modulating the Light-Driven conductivity in Biosystem -- Approaches to Estimating the Dynamics of Interacting Populations with Impulse E?ects and Uncertainty -- Tricritical directed percolation with long-range spreading -- Anisotropic MHD Turbulence Near Two Spatial Dimensions: General Field Theoretic Renormalization Group Analysis -- Intermittency of Chaos Functions and the Belousov-Zhabotinsky Reaction -- Reaction-Diffusion Systems and Propagation of Limit Cycles with Chaotic Dynamics -- Decision-making in a context of uncertainty -- Microwave oven plasma reactor moding and its detection -- Unexpected Properties of Open Quantum Graphs and Microwave Networks -- Dynamics of a Cournot duopoly game with differentiated goods between public and private firms -- Influence of the Heart Rate on Dynamics of Cardiorespiratory System -- Threshold Method for Control of Chaotic Oscillations -- Some Implications of Invariant Model of Boltzmann Statistical Mechanics to the Gap between Physics and Mathematics -- Deterministic Irreversibility Mechanism and Basic Element of Matter -- Global Indeterminacy and Invariant Manifolds near Homoclinic Orbit to a Real Saddle in a Resource Optimal System -- The method of singular integral equations in the theory of microstrip antennas based on chiral metamaterials -- Microstrip and fractal antennas based on chiral metamaterials in MIMO systems. . 330 $aGathering the proceedings of the 12th CHAOS2019 International Conference, this book highlights recent developments in nonlinear, dynamical and complex systems. The conference was intended to provide an essential forum for Scientists and Engineers to exchange ideas, methods, and techniques in the field of Nonlinear Dynamics, Chaos, Fractals and their applications in General Science and the Engineering Sciences. The respective chapters address key methods, empirical data and computer techniques, as well as major theoretical advances in the applied nonlinear field. Beyond showcasing the state of the art, the book will help academic and industrial researchers alike apply chaotic theory in their studies. . 410 0$aSpringer Proceedings in Complexity,$x2213-8684 606 $aStatistical physics 606 $aDynamical systems 606 $aComputer simulation 606 $aComputational complexity 606 $aTechnology 606 $aGame theory 606 $aComplex Systems$3https://scigraph.springernature.com/ontologies/product-market-codes/P33000 606 $aSimulation and Modeling$3https://scigraph.springernature.com/ontologies/product-market-codes/I19000 606 $aComplexity$3https://scigraph.springernature.com/ontologies/product-market-codes/T11022 606 $aApplied Science, multidisciplinary$3https://scigraph.springernature.com/ontologies/product-market-codes/A13000 606 $aGame Theory, Economics, Social and Behav. Sciences$3https://scigraph.springernature.com/ontologies/product-market-codes/M13011 615 0$aStatistical physics. 615 0$aDynamical systems. 615 0$aComputer simulation. 615 0$aComputational complexity. 615 0$aTechnology. 615 0$aGame theory. 615 14$aComplex Systems. 615 24$aSimulation and Modeling. 615 24$aComplexity. 615 24$aApplied Science, multidisciplinary. 615 24$aGame Theory, Economics, Social and Behav. Sciences. 676 $a003.857 702 $aSkiadas$b Christos H$4edt$4http://id.loc.gov/vocabulary/relators/edt 702 $aDimotikalis$b Yiannis$4edt$4http://id.loc.gov/vocabulary/relators/edt 801 0$bMiAaPQ 801 1$bMiAaPQ 801 2$bMiAaPQ 906 $aBOOK 912 $a996418179803316 996 $a12th Chaotic Modeling and Simulation International Conference$91878812 997 $aUNISA LEADER 02010nam 2200469 450 001 9910807869303321 005 20230213224412.0 010 $a3-11-153880-X 024 7 $a10.1515/9783111538808 035 $a(CKB)4100000007151957 035 $a(MiAaPQ)EBC5600450 035 $a(DE-B1597)89757 035 $a(OCoLC)1078913224 035 $a(DE-B1597)9783111538808 035 $a(Au-PeEL)EBL5600450 035 $a(OCoLC)1076808137 035 $a(EXLCZ)994100000007151957 100 $a20200122d1971 uy 0 101 0 $afre 135 $aurcnu|||||||| 181 $ctxt$2rdacontent 182 $cc$2rdamedia 183 $acr$2rdacarrier 200 10$aIntroduction a? deux the?ories d'anthropologie sociale $egroupes de filiation et alliance de mariage /$fLouis Dumont 205 $aReprint 2018 210 1$aParis ;$aLa Haye :$cMouton,$d[1971] 210 4$d©1971 215 $a1 online resource (139 pages) 225 0 $aTextes sociologiques ;$v6 311 $a3-11-117072-1 327 $tFrontmatter -- $tTable des matières -- $tPréface -- $tPREMIÈRE PARTIE La parenté vue à partir de RadclifFe-Brown -- $tA. Qu'est-ce que la parenté ? -- $tB. Qu'entendre par « système de parenté » ? -- $tC. Relations de personne à personne et « principes structuraux » -- $tDEUXIÈME PARTIE La théorie des groupes d'unifiliation -- $tD. Avant Les Nuer -- $tE. Evans-Pritchard : Les Nuer -- $tF. Après Les Nuer -- $tTROISIÈME PARTIE La théorie de l'alliance de mariage -- $tG. Lévi-Strauss : Les Structures élémentaires -- $tH. Après Les Structures élémentaires -- $tBIBLIOGRAPHIE DE BASE -- $tBackmatter 606 $aCross-cousin marriage 615 0$aCross-cousin marriage. 676 $a306.84 700 $aDumont$b Louis$f1911-1998,$0142302 801 0$bMiAaPQ 801 1$bMiAaPQ 801 2$bMiAaPQ 906 $aBOOK 912 $a9910807869303321 996 $aIntroduction à deux théories d'anthropologie sociale$9295369 997 $aUNINA LEADER 00744nam0 2200253 450 001 9911027179203321 005 20250926091209.0 010 $a978-3-98542-045-2 100 $a20250926d2023---- kmyy0itay50 ba 101 0 $aeng$ager 105 $ay 001yy 200 1 $a<> EU Green Deal and its implementation$fChristiane Trüe, Lydia Scholz 210 $aBaden - Baden$cNomos$d2023 215 $a317 p.$d21 cm 676 $a338.94 700 1$aTrue$bChristiane$01439907 701 1$aScholtz$bLydia$01849654 801 0$aIT$bUNINA$gREICAT$2UNIMARC 901 $aBK 912 $a9911027179203321 952 $aGRDDIT250A$b6206$fDECBC 959 $aDECBC 996 $aEU Green Deal and its implementation$94440124 997 $aUNINA